| 000 | 01005nam a2200289 b 4500 | ||
|---|---|---|---|
| 001 | Mimo0002267133 | ||
| 003 | Co-BoUCM | ||
| 005 | 20190913084712.0 | ||
| 008 | 190912s2006 sp | ||| ||spa | ||
| 015 | _aMON0710 | ||
| 016 | 7 |
_abimoBNE20070671677 _2SpMaBN |
|
| 017 |
_aB 38045-2006 _bOficina Depósito Legal Barcelona |
||
| 020 | _a9789586393300 | ||
| 035 | _a(OCoLC)77559113 | ||
| 040 |
_aCo-BoUCM _bspa _cSaul Niño _dSaul Niño |
||
| 041 | 1 |
_aspa _heng |
|
| 100 | 1 |
_aNaím, Moisés _d1952- _986576 |
|
| 245 | 1 | 0 |
_aIlícito _bcómo traficantes, contrabandistas y piratas están cambiando el mundo _cMoisés Naím ; [traducción, Francisco Ramos] |
| 260 |
_aBarcelona _bDebate _c2006 |
||
| 300 | _a421 páginas | ||
| 650 | 7 |
_aDelitos internacionales _97489 |
|
| 650 | 7 |
_aDelincuencia _912551 |
|
| 650 | 7 |
_aGlobalización _xAspectos económicos _933475 |
|
| 650 | 7 |
_aCrimen organizado _912141 |
|
| 942 |
_2DEWEY _a5 _cLIBRO _e1 _h364.135 _mN174i |
||
| 999 |
_c315134 _d315134 |
||